00622nam a2200205Ia 4500003000400000008004100004020002300045040000800068100001700076245003700093260002800130300001400158365001100172901002100183902003400204903005800238942001200296952009100308999001700399LDD181029s9999 xx 000 0 und d a1851683542c225.00 cLDD aEsack, Farid 0aQuranba user guidecFarid Esack aEnglandbOneworldc2007 aix, 201p. b225.00 a3843b14-02-2007 a7422b27-02-2007cFdVIVAe31 aDiscount-10bReqst by : Kapur, Tribhuwan (Dr.)  2ddccBK 00102ddc4070978717aLDDbLDDl0o297.122 Es11Qp062048r2018-11-01w2018-11-01yBK c78718d78718